Historia natural / (Record no. 121830)

MARC details
000 -LEADER
campo de control de longitud fija 00715nam a2200217 4500
001 - NÚMERO DE CONTROL
campo de control 121830
003 - IDENTIFICADOR DE NÚMERO DE CONTROL
campo de control ES-MaACL
007 - CAMPO FIJO DE DESCRIPCIÓN FÍSICA--INFORMACIÓN GENERAL
campo de control de longitud fija t|
008 - DATOS DE LONGITUD FIJA--INFORMACIÓN GENERAL
campo de control de longitud fija 070214s1925 sp r ||||1| cat d
100 1# - ENTRADA PRINCIPAL--NOMBRE DE PERSONA
Nombre de persona Plinio Segundo, Cayo
9 (RLIN) 92659
245 10 - MENCIÓN DEL TÍTULO
Título Historia natural /
Mención de responsabilidad, etc. Plini el Vell ; text i traducció de Marçal Olivar.
260 ## - PUBLICACIÓN, DISTRIBUCIÓN, ETC.
Lugar de publicación, distribución, etc. Barcelona :
Nombre del editor, distribuidor, etc. Fundació Bernat Metge,
Fecha de publicación, distribución, etc. 1925.
300 ## - DESCRIPCIÓN FÍSICA
Extensión XXIX, 183 p, ;
Dimensiones 22 cm.
490 1# - MENCIÓN DE SERIE
Mención de serie Escriptors llatins (Fundació Bernat Metge
500 ## - NOTA GENERAL
Nota general Es el v. I.
700 1# - ENTRADA AGREGADA--NOMBRE PERSONAL
Nombre de persona Olivar, Marçal.
9 (RLIN) 86758
710 2# - ENTRADA AGREGADA--NOMBRE DE ENTIDAD CORPORATIVA
Nombre de entidad corporativa o nombre de jurisdicción como elemento de entrada Fundació Bernat Metge.
9 (RLIN) 4201
830 0# - PUNTO DE ACCESO ADICIONAL DE SERIE-TÍTULO UNIFORME
Título uniforme Escriptors llatins (Fundació Bernat Metge
9 (RLIN) 186525
852 ## - LOCALIZACIÓN
Ubicación ES-MaACL
Número de control de estantería E-3533
Holdings
Estatus retirado Estado de pérdida Estado de daño No para préstamo Biblioteca de origen Biblioteca actual Ubicación en estantería Fecha de adquisición Fuente de adquisición Total de préstamos Signatura topográfica completa Código de barras Visto por última vez Precio de reemplazo Tipo de ítem Koha
        Biblioteca del Ateneo de Madrid Biblioteca del Ateneo de Madrid Depósito 2 17/01/2008     E-3533 1126957 23/02/2023 23/02/2023 Libro impreso